=LDR 00000nam 2200000 4500 =001 NUTBA000000000001660 =005 20160921143554.0 =006 =007 =008 =020 ##$$a 979-499-225-9 =035 ##$$0010-051400000000125 =082 ##$$a 340.5 =090 ##$$a 340.5 Muj s =100 ##$$a Mudjono, S.H. =245 ##$$a Sistem Hukum dan Tata Hukum Indonesia =260 ##$$a Yogyakarta $b Liberty $c 1997 =300 ##$$a iii,188 hlm $c 21 cm =990 ##$$a 0001/BPAP-NTB/2016 =990 ##$$a 0001/BPAP-NTB/2016